00494nam a2200169Ia 450000500170000000800410001704000190005804100120007708200160008910000170010524500630012226000410018530000120022650400500023865000260028885000100031420221112143022.0131103s9999 xx 000 0 und d aLoreto College aEnglish a954.03bCHH aChhabra,G.S. aAdvanced study in the history of modern IndiacG.S.Chhabra aNew DelhibSterling Publishersc1971 a610 p.  aIncludes index and bibliographical references aModern HistoryvIndia aLCLIB